Statistics for The James Bond Novels (2 of 12): Live and Let Die

Click here to take the quiz!

General Stats

  • This quiz has been taken 9 times
  • The average score is 9 of 15

Answer Stats

QuestionAnswer% Correct
Which New York airport does Bond fly into?Idlewild Airport
88%
Villain Buonaparte Ignace Gallia is known by which title?Mr Big
88%
Leiter loses an arm and a leg to which animal?Shark
88%
What part of Bond’s body is broken in Harlem?The little finger on his left hand
88%
…and is left with a note saying what?‘He disagreed with something that {ate him}’
75%
…and works for which Soviet counterintelligence organisation?SMERSH
75%
What is the villain’s fortune telling employee called?Solitaire
75%
She and Bond travel from New York to which city?St. Petersburg
75%
Which Cayman Islander fisherman assists Bond?Quarrel
63%
…and what is the name of the criminal who breaks it?Tee Hee
63%
What is the name of the chief SIS operative in Jamaica?John Strangways
38%
Which 17th century pirate’s treasure is part to the plot?Sir Henry Morgan
38%
What is the name of the villain’s motor yacht?Secatur
25%
What is the name of the train service they travel on?The Silver Phantom
25%
Which Patrick Leigh Fermor book is extensively quoted?The Traveller's Tree,
25%

Score Distribution

Percentile by Number Answered

Percent of People with Each Score

Your Score History

You have not taken this quiz